000 00284nam a2200121Ia 4500
008 230303s9999 xx 000 0 und d
041 _aeng
082 _a671.2 JAI
100 _aJAIN (P.L.)
245 _aPrinciples of Foundary Technology
260 _aNew Delhi
_bTMH
365 _cRS
999 _c173750
_d173750